| 000 | 00391pab a2200145 454500 | ||
|---|---|---|---|
| 008 | 180718b1990 xxu||||| |||| 00| 0 eng d | ||
| 100 | _aAngotti, Thomas | ||
| 245 |
_aThe housing question _bProgresive agenda and socialist program (Review Article) |
||
| 260 | _c1990 | ||
| 300 | _a86-97 | ||
| 362 | _aSpring | ||
| 650 | _aHousing - U.S.A. | ||
| 773 | _aScience and Society | ||
| 909 | _a10182 | ||
| 999 |
_c10182 _d10182 |
||